| 000 | 00000nam 2200000zi 4500 |
| 001 | 9.947595 |
| 003 | CaOODSP |
| 005 | 20250131085500 |
| 006 | m o d f |
| 007 | cr cn||||||||| |
| 008 | 250131s1987 oncd obs f000 0 eng d |
| 040 | |aCaOODSP|beng|erda|cCaOODSP |
| 041 | |aeng|beng|bfre |
| 043 | |an-cn--- |
| 086 | 1 |aEn57-55/87-9E-PDF |
| 100 | 1 |aSkinner, W. R., |eauthor. |
| 245 | 13|aAn analysis of the homogeneity of long-term temperature records from some principal Canadian climatological stations / |cby Walter R. Skinner. |
| 264 | 1|aDownsview, Ontario : |bAtmospheric Environment Service, Climatological Services Division, |c1987. |
| 300 | |a1 online resource (iii, 55 pages) : |bgraphs. |
| 336 | |atext|btxt|2rdacontent |
| 337 | |acomputer|bc|2rdamedia |
| 338 | |aonline resource|bcr|2rdacarrier |
| 490 | 1 |aCanadian Climate Centre report ; |vno. 87-9 |
| 500 | |a"A publication of the Canadian Climate Program." |
| 500 | |aDigitized edition from print [produced by Environment and Climate Change Canada]. |
| 500 | |a"This report has received only limited circulation because of the special nature of the project. However, reference is permitted if the words "Unpublished manuscript" are made part of the bibliographic entry, in accordance with accepted practice." |
| 504 | |aIncludes bibliographical references (page 16). |
| 520 | 3 |a"This report examines the homogeneity of long-term temperature records (greater than 70 years) from some principal Canadian climatological stations. Seven Canadian principal climatological base stations are selected in order to represent a cross-section of climatic types"--Abstract, page i. |
| 546 | |aIncludes abstracts in English and French. |
| 650 | 0|aAtmospheric temperature|zCanada|vObservations|vTables. |
| 650 | 0|aMeteorological stations|zCanada|vStatistics. |
| 650 | 6|aTempérature atmosphérique|zCanada|vObservations|vTables. |
| 650 | 6|aStations météorologiques|zCanada|vStatistiques. |
| 655 | 7|aStatistics|2lcgft |
| 655 | 7|aTables (Data)|2lcgft |
| 655 | 7|aStatistiques|2rvmgf |
| 655 | 7|aTables (Données)|2rvmgf |
| 710 | 2 |aCanadian Climate Centre, |eissuing body. |
| 710 | 2 |aCanadian Climate Program, |eissuing body. |
| 830 | #0|aCanadian Climate Centre report ;|vno. 87-9.|w(CaOODSP)9.934183 |
| 856 | 40|qPDF|s57.8 MB|uhttps://publications.gc.ca/collections/collection_2025/eccc/en57/En57-55-87-9-eng.pdf |